| 000 | 00632nam a2200193 a 4500 | ||
|---|---|---|---|
| 005 | 20210223122800.0 | ||
| 008 | 991125s1999 es 000 0 spa u | ||
| 020 | _a8427712677 | ||
| 035 | _aUPN01000041364 | ||
| 049 | _aCG | ||
| 050 | 4 |
_aRJ496 C4 _bN5.6 |
|
| 245 | 0 | 0 |
_aNiños y niñas con parálisis cerebral : _bdescripción, acción educativa e inserción social / _ccoord. Angel García Prieto. |
| 260 |
_aMadrid : _bNarcea, _c1999. |
||
| 300 |
_a165 p. : _bil. |
||
| 440 | 0 |
_aEducación hoy. _pEducación especial |
|
| 650 | 4 |
_aPARALISIS CEREBRAL INFANTIL _913835 |
|
| 700 | 1 |
_aGarcía Prieto, Angel, _ecoord. |
|
| 905 | _aLibro | ||
| 999 |
_c41364 _d41364 |
||